• 首页
  • 本馆介绍
  • 公告通知
  • 最新文献
  • 馆藏检索
  • 电子资源
  • 读者导购
  • 参考咨询
  • 我的图书馆
  • 登录
  • 详细信息显示
  • 放入我的书架
  • 预约/预借图书
  • 作者相关作品
  • 分类相关作品
  • 丛书相关作品
  • 出版社相关作品

书目信息

  • 表格格式
  • 工作单格式
  • 卡片格式
题名:
微行为心理学
    
 
作者: 张卉妍 , 连山 编著
分册:  
出版信息: 长春   吉林出版集团股份有限公司  2018
页数: 177页
开本: 21cm
丛书名:
单 册:
中图分类: B84-063
科图分类:
主题词: 行为主义--心理学--通俗读物
电子资源:
ISBN: 978-7-5581-5911-4
000 00866nam0 2200253 450
001 0105117075
005 20200821143607.0
010    @a978-7-5581-5911-4@dCNY32.00
100    @a20200803e20192018em y0chiy0120 ea
101 0  @achi
102    @aCN@b220000
105    @aa z 000yy
106    @ar
200 1  @a微行为心理学@9Wei Xing;Hang;Heng Wei Xin Li Xue @f张卉妍,连山编著@b专著
210    @a长春@c吉林出版集团股份有限公司@d2018@h2019重印
215    @a177页@c图@d21cm
330    @a本书从身体小动作、个人小习惯等方面入手,选取了日常生活中较为常见,也是较容易忽视的微行为,以科学的语言和插图进行分析。
510 1  @aMicrobehavior psychology@zeng
606 0  @a行为主义@x心理学@j通俗读物
690    @aB84-063@v5
701  0 @a张卉妍@4编著@9zhang hui yan
701  0 @a连山@4编著@9lian shan
801  0 @aCN@bAZmarc@c20230907
905    @aBZT@dB84@e284@f2@sB84/284
    
    微行为心理学/张卉妍,连山编著.-长春:吉林出版集团股份有限公司,2018(2019重印)
    177页:图;21cm
    
    
    ISBN 978-7-5581-5911-4:CNY32.00
    本书从身体小动作、个人小习惯等方面入手,选取了日常生活中较为常见,也是较容易忽视的微行为,以科学的语言和插图进行分析。
●
相关链接 在五车中查询图书 在当当中查询图书 在豆瓣中查询图书


正题名:微行为心理学     索取号:B84/284         预约/预借

序号 登录号 条形码 馆藏地/架位号 状态 备注
1 2000028542   2000028542   旧书回溯/ [索取号:B84/284] 在馆    
2 2000153087   2000153087   旧书回溯/ [索取号:B84/284] 在馆    
山东省滨州职业学院图书馆 欢迎您!
大连网信软件有限公司© 版权所有